meest gebruikte letters in de Nederlandse taal - Statistieken

Algemene statistieken
  • Deze quiz is 76 keer genomen
  • De gemiddelde score is 20 van 26
Antwoordstatistieken
plaats Antwoord % Correct
1 e
100%
3 a
89%
2 n
89%
4 t
89%
5 i
87%
6 r
85%
7 o
84%
8 d
79%
9 s
79%
11 g
76%
10 l
76%
12 v
76%
13 h
74%
17 b
73%
14 k
73%
15 m
73%
26 q
71%
16 u
71%
23 f
69%
24 x
69%
25 y
69%
22 c
68%
18 p
68%
19 w
68%
20 j
66%
21 z
65%
Geen overeenkomende quizzen gevonden
Scoreverdeling
Procent van Mensen met Elke Score
Percentiel versus Aantal Correcte Antwoorden
Uw Scoregeschiedenis
U heeft deze quiz nog niet genomen